000 01169nam a2200265Ia 4500
001 20444
003 GE_BSU
008 181216s||||||||xx |||||||||||||| ||und||
040 _cGE_BSU
080 _a811.353.1-8(075.3)
100 _aრამიშვილი, ვალერიან.
245 _aქართული ენა : გრამატიკა. მართლწერა და მეტყველების განვითარება.
245 _bII კლასის სახელმძღვ.
245 _cრედ. ე. პოლოლიკაშვილი. ილ.: ი. ქლიბაძე და ზ. დეისაძე.
250 _aმე-3 გამოც.
260 _aთბილისი
260 _bგანათლება
260 _c1972
300 _a99გვ. : ილ. ; 22სმ.
541 _h8 თ.
653 _aII კლასის სახელმძღვ.
653 _aგრამატიკა. მართლწერა და მეტყველების განვითარება
653 _aქართული ენა
942 _cBK
999 _c53401
_d53401